Countries Closest to Sri Lanka A-Z - Statistics

General Stats
  • This quiz has been taken 814 times
  • The average score is 18 of 24
Answer Stats
letter country % Correct
I India
97%
B Bangladesh
88%
P Pakistan
87%
Y Yemen
87%
O Oman
86%
Q Qatar
84%
Z Zambia
84%
A Afghanistan
83%
N Nepal
83%
M Maldives
82%
V Vietnam
81%
C Cambodia
80%
L Laos
80%
T Thailand
80%
J Japan
75%
R Russia
70%
S Singapore
70%
U United Arab Emirates
63%
D Djibouti
61%
K Kyrgyzstan
61%
E Ethiopia
60%
H Hungary
59%
G Georgia
51%
F Federated States of Micronesia
37%
No matching quizzes found
Score Distribution
Percent of People with Each Score
Percentile by Number Answered
Your Score History
You have not taken this quiz